000
00285 a2200085 4500
999
_c
214824
_d
214824
020
_a
0942364066
100
_a
Werner, David
245
_a
Disabled Village Children : a guide for community health workers, rehabilitation workers and families
260
_b
USA : The Hesperian Foundation
_c
1987